000 00416nam a2200145Ia 4500
008 211109s9999||||xx |||||||||||||| ||und||
082 _a894.8124
_bKRI-N
100 _aKrishna Varier, N V
245 0 _aN.V-arivinte Athbhutham
260 _bDC Books
_aKottayam
_c1990
300 _a161p
630 _xGENERAL STACK
650 _aMalayalam literature
_vMalayalam essays
_xLiterature & rhetoricMalayalam
942 _cBOOK
999 _c44776
_d44776